LEADER 02018oam 2200541 450 001 9910707202003321 005 20160705112128.0 035 $a(CKB)5470000002463493 035 $a(OCoLC)939560887 035 $a(EXLCZ)995470000002463493 100 $a20160217d2016 ua 0 101 0 $aeng 135 $aurmn||||a|||| 181 $ctxt$2rdacontent 182 $cc$2rdamedia 183 $acr$2rdacarrier 200 10$aInternational remittances, money laundering risks and views on enhanced customer verification and recordkeeping requirements : report to congressional requesters 210 1$a[Washington, D.C.] :$cUnited States Government Accountability Office,$d2016. 215 $a1 online resource (ii, 54 pages) $ccolor illustrations 300 $a"January 2016." 300 $a"GAO-16-65." 300 $aTitle from title screen (viewed on July 5, 2016). 320 $aIncludes bibliographical references. 517 $aInternational remittances, money laundering risks and views on enhanced customer verification and recordkeeping requirements 606 $aMigrant remittances 606 $aEmigrant remittances 606 $aMoney laundering$xPrevention 606 $aEmigrant remittances$2fast 606 $aMigrant remittances$2fast 606 $aMoney laundering$xPrevention$2fast 615 0$aMigrant remittances. 615 0$aEmigrant remittances. 615 0$aMoney laundering$xPrevention. 615 7$aEmigrant remittances. 615 7$aMigrant remittances. 615 7$aMoney laundering$xPrevention. 701 $aEvans$b Lawrance Lee$cJr.,$f1970-$01398474 801 0$bDID 801 1$bDID 801 2$bDID 801 2$bOCLCO 801 2$bOCLCF 801 2$bOCLCO 801 2$bGPO 906 $aBOOK 912 $a9910707202003321 996 $aInternational remittances, money laundering risks and views on enhanced customer verification and recordkeeping requirements : report to congressional requesters$93461811 997 $aUNINA LEADER 03224nam 22006495 450 001 9910437653403321 005 20190708092533.0 010 $a9783110897944 010 $a3110897946 024 7 $a10.1515/9783110897944 035 $a(CKB)3360000000513507 035 $a(EBL)4008992 035 $a(SSID)ssj0001561810 035 $a(PQKBManifestationID)16204479 035 $a(PQKBTitleCode)TC0001561810 035 $a(PQKBWorkID)14833077 035 $a(PQKB)11507097 035 $a(MiAaPQ)EBC4008992 035 $a(DE-B1597)42380 035 $a(OCoLC)979628525 035 $a(DE-B1597)9783110897944 035 $a(oapen)https://directory.doabooks.org/handle/20.500.12854/44771 035 $a(Perlego)1158439 035 $a(oapen)doab44771 035 $a(EXLCZ)993360000000513507 100 $a20190708d2015 fg 101 0 $ager 135 $aur|n|---||||| 181 $ctxt 182 $cc 183 $acr 200 10$aDeregulierung des Arbeitsrechts - Ansatzpunkte und verfassungsrechtliche Grenzen $eErweiterte und aktualisierte Fassung eines Vortrages gehalten vor der Juristischen Gesellschaft zu Berlin am 19. Februar 1997 /$fPeter Hanau 205 $aReprint 2015 210 $cDe Gruyter$d1997 210 1$aBerlin ;$aBoston : $cDe Gruyter, $d[2015] 210 4$d©1997 215 $a1 online resource (29 p.) 225 0 $aSchriftenreihe der Juristischen Gesellschaft zu Berlin ;$v154 300 $aDescription based upon print version of record. 311 08$a9783110158953 311 08$a3110158957 327 $tFrontmatter -- $t1. Die arbeitsrechtliche Wende -- $t2. Neues Denken im Arbeitsrecht -- $t3. Abbau oder Umbau des Arbeitsrechts -- $t4. Vorbild USA? -- $t5. Die Verantwortung der Rechtsprechung -- $t6. Flexibler Einstieg in das Arbeitsverhältnis -- $t7. Flexibilität im Arbeitsverhältnis -- $t8. Flexible und kürzere Arbeitszeiten -- $t9. Flexible Arbeitsentgelte -- $t10. Mehr Raum für die Vertragsfreiheit gegenüber Gesetzen -- $t11. Freiheit vom Tarifvertrag -- $t12. Kündigung als Ultima Ratio -- $t13. Verfassungsrechtliche Grundlagen des Kündigungsschutzes -- $t14. Wie geht es weiter? 330 8 $aGegru?ndet im Jahr 1859, za?hlt die Juristische Gesellschaft zu Berlin zu den a?ltesten ihrer Art in Europa und blickt auf eine lange Tradition zuru?ck. In der Schriftenreihe der Juristischen Gesellschaft zu Berlin erscheinen seit 1959 ausgewa?hlte Beitra?ge aus dem reichhaltigen Vortrags- und Veranstaltungsprogramm der Gesellschaft mit dem Ziel, der juristischen Wissenschaft und Praxis in der Hauptstadt ein anspruchsvolles Forum zu bieten. 410 0$aSchriftenreihe der Juristischen Gesellschaft e.V. Berlin ;$vHeft 154. 606 $aLabor laws and legislation$zGermany$vCongresses 606 $aDeregulation$zGermany$vCongresses 615 0$aLabor laws and legislation 615 0$aDeregulation 676 $a344.4301 686 $aPC 2900$2rvk 700 $aHanau$b Peter, $0228163 801 0$bDE-B1597 801 1$bDE-B1597 906 $aBOOK 912 $a9910437653403321 996 $aDeregulierung des Arbeitsrechts - Ansatzpunkte und verfassungsrechtliche Grenzen$92068383 997 $aUNINA